[Event "Condino op"]
[Site "Condino"]
[Date "2010.07.26"]
[Round "1"]
[White "Barucco, Mattia"]
[Black "Stoker, Joost"]
[Result "1-0"]
[WhiteElo "2014"]
[BlackElo "1648"]
[PlyCount "69"]
[EventDate "2010.07.26"]
[EventType "swiss"]
[EventRounds "7"]
[EventCountry "ITA"]
[SourceTitle "CBM 137 Extra"]
[Source "ChessBase"]
[SourceDate "2010.09.01"]
[SourceVersion "1"]
[SourceVersionDate "2010.09.01"]
[SourceQuality "1"]

1. e4 d6 2. d4 Nf6 3. f3 Nbd7 4. c4 e5 5. d5 Be7 6. Nc3 c6 7. Be3 Qc7 8. Qd2 0-0 9. Nge2 Re8 10. g4 h6 11. Ng3 Nh7 12. h4 Nb6 13. Nf5 Bf8 14. Bd3 Bd7 15. 0-0 Bxf5 16. exf5 Nf6 17. g5 hxg5 18. hxg5 Nfd7 19. Qh2 e4 20. g6 fxg6 21. fxg6 Nf6 22. fxe4 Re5 23. Rf5 Nbd7 24. Kg2 Rxf5 25. exf5 Be7 26. Rh1 Kf8 27. Ne4 Ke8 28. Ng5 Nf8 29. Ne6 Nxe6 30. dxe6 c5 31. Qg3 Qc6+ 32. Qf3 Qb6 33. b3 Qa5 34. Rh8+ Bf8 35. Qxb7 1-0